| 000 | 00346nam a2200133Ia 4500 | ||
|---|---|---|---|
| 008 | 240624s9999 xx 000 0 und d | ||
| 041 | _aeng | ||
| 082 | _a004.6 CIS | ||
| 100 | _aCISCO SYSTEMS INC | ||
| 245 | _aCISCO NETWORKING ACADEMY PROGRAM CCNA 3 | ||
| 260 |
_c2004 _aDelhi _bPearson Education |
||
| 300 | _avii, : 199 : cm. ; 26 | ||
| 365 | _cRS | ||
| 999 |
_c1818 _d1818 |
||